FIFA World Cup Finals Quiz - Statistics

General Stats
  • This quiz has been taken 165 times
  • The average score is 33 of 35
Answer Stats
Year Winner Second Place Host Country % Correct
1978 Argentina Netherlands Argentina
99%
1986 Argentina West Germany Mexico
99%
2022 Argentina France Qatar
99%
1958 Brazil Sweden Sweden
99%
1962 Brazil Czechoslovakia Chile
99%
1970 Brazil Italy Mexico
99%
1994 Brazil Italy United States
99%
2002 Brazil Germany Japan & South Korea
99%
2014 Germany Argentina Brazil
99%
1934 Italy Czechoslovakia Italy
99%
1938 Italy Hungary France
99%
1982 Italy West Germany Spain
99%
2006 Italy France Germany
99%
1998 France Brazil France
98%
2018 France Croatia Russia
98%
2010 Spain Netherlands South Africa
98%
Croatia
97%
1966 England West Germany England
97%
Japan & South Korea
97%
Netherlands
97%
Russia
97%
1930 Uruguay Argentina Uruguay
97%
1950 Uruguay Brazil Brazil
97%
Qatar
95%
United States
95%
South Africa
93%
Mexico
92%
1954 West Germany Hungary Switzerland
92%
1974 West Germany Netherlands West Germany
92%
1990 West Germany Argentina Italy
92%
Sweden
91%
Hungary
85%
Chile
77%
Switzerland
73%
Czechoslovakia
69%
No matching quizzes found
Score Distribution
Percent of People with Each Score
Percentile by Number Answered
Your Score History
You have not taken this quiz